LEADER 01317nam a2200313 u 4500 001 000000027728 003 CaOOAMICUS 005 20070226111724.0 008 960202s1994 it u000 u ita u 020 $a8821528170 035 $a10721144 040 $aBAV$bita 100 1 $aRomano, Giuseppe.$0(OLS)http://pul/name/22640 245 10$aOpus Dei :$bchi, come, perché /$cGiuseppe Romano. 260 $aMilano :$bSan Paolo,$c1994. 300 $a[264] p. ;$c19 cm 490 1 $aI compact ;$v24 600 04$aIosephmaría Escrivá de Balaguer,$cs.,$d1902-1975.$0(OLS)http://pul/subject/41642 610 24$aOpus Dei$xStoria.$0(OLS)http://pul/subject/2250 830 2$aI compact ;$v24.$0(OLS)http://pul/title/37901 850 $aPUL 852 $aPUL$W1$xSL Filosofia 1$y2$m135(1) F 8$j38595$nBK-PRI$b $qStampati$B38595$CPULBib$Z2$F38595 $HPUL74093 $81 941 1 $a8 960 $aJosemaría Escrivá de Balaguer, $cs.,$d1902-1975$941642 960 $aEscrivá de Balaguer, Josemaría,$cs.,$d1902-1975$941642 960 $aEscrivá, Josemari?a, $cs., $d1902-1975? $941642 996 $6020$a8821528170$9(OLS)http://pul/number/34396 996 $6245$aOpus Dei :$bchi, come, perché$9(OLS)http://pul/title/37900 996 $6260$aMilano :$bSan Paolo$9(OLS)http://pul/publisher/59870 LEADER 01608nam a2200337 a 4500 001 000000135694 003 CaOOAMICUS 005 20131009105056.0 008 131009s2010 gw cf u000 u ger r 020 $a978-3-7930-9560-6 040 $aPUL$bita 082 04$a192 100 1 $aJonas, Hans,$d1903-1993.$0(OLS)http://pul/name/9803 245 10$aOrganismus und Freiheit :$bPhilosophie des Lebens und Ethik der Lebenswissenschaften /$cHans Jonas ; Herausgegeben von Horst Gronke ; Redaktion: Bernadette Herrmann. 260 $aFreiburg i.B. :$bRombach,$c©2010. 300 $aCXLVIII, 771 p., [1] p. di tav :$britr. ;$c24 cm 490 1 $aKritische Gesamtausgabe der Werke von Hans Jonas ;$vBd. I/1 500 $aInclude indici. 504 $aBibliografia in nota. 600 14$aJonas, Hans,$d1903-1993$xEtica.$0(OLS)http://pul/subject/39816 700 1 $aGronke, Horst.$0(OLS)http://pul/name/87369 700 1 $aHerrmann, Bernadette.$0(OLS)http://pul/name/87370 830 0$aKritische Gesamtausgabe der Werke von Hans Jonas ;$vBd. I/1.$0(OLS)http://pul/title/171556 850 $aPUL 852 $aPUL$W1$xSL Filosofia 3$y81$m192 JONHA 1.1.1$j156488$qDDC 21$B155834$CPULBib$Z2$F155834 $H122904 $82 941 1 $a9 996 $6020$a978-3-7930-9560-6$9(OLS)http://pul/number/153673 996 $6082$a192$9(OLS)http://pul/classification/525 996 $6245$aOrganismus und Freiheit :$bPhilosophie des Lebens und Ethik der Lebenswissenschaften$9(OLS)http://pul/title/171555 996 $6260$aFreiburg i.B. :$bRombach$9(OLS)http://pul/publisher/69793